Normal view
MARC view
- بوتومور،المؤلف ،الجوهري ،محمد /شكرى ،علياء/محمد ،محمد علي / الحسيني ، السيد محمد ، ترجمة وتقديم
Entry Personal Name
001 - CONTROL NUMBER
- control field: 17093
003 - CONTROL NUMBER IDENTIFIER
- control field: JO-AjAnu
005 - DATE AND TIME OF LATEST TRANSACTION
- control field: 20230606073026.0
008 - FIXED-LENGTH DATA ELEMENTS
- fixed length control field: 230606|| aca||aabn | a|a d
040 ## - CATALOGING SOURCE
- Original cataloging agency: JO-AjAnu
- Transcribing agency: JO-AjAnu
100 ## - HEADING--PERSONAL NAME
- Personal name: بوتومور،المؤلف ،الجوهري ،محمد /شكرى ،علياء/محمد ،محمد علي / الحسيني ، السيد محمد ، ترجمة وتقديم
670 ## - SOURCE DATA FOUND
- Source citation: Work cat.: (JO-AjAnu)8775: بوتومور،المؤلف ،الجوهري ،محمد /شكرى ،علياء/محمد ،محمد علي / الحسيني ، السيد محمد ، ترجمة وتقديم, author, الصفوة والمجتمع دراسة في علم الاجتماع السياسى